A History of Art: A survey of the Visual Arts from the Dawn of History to the Present Day. (Record no. 3255)

MARC details
000 -LEADER
fixed length control field 00424nam a22001217a 4500
005 - DATE AND TIME OF LATEST TRANSACTION
control field 20201119151641.0
008 - FIXED-LENGTH DATA ELEMENTS--GENERAL INFORMATION
fixed length control field 201119b ||||| |||| 00| 0 eng d
020 ## - INTERNATIONAL STANDARD BOOK NUMBER
International Standard Book Number 16360
040 ## - CATALOGING SOURCE
Transcribing agency CML1119150848.0
245 ## - TITLE STATEMENT
Title A History of Art: A survey of the Visual Arts from the Dawn of History to the Present Day.
Statement of responsibility, etc. James D
260 ## - PUBLICATION, DISTRIBUTION, ETC.
Place of publication, distribution, etc. London
Name of publisher, distributor, etc. Thames and Hudson
Date of publication, distribution, etc. 1998
942 ## - ADDED ENTRY ELEMENTS (KOHA)
Source of classification or shelving scheme Dewey Decimal Classification
Koha item type Books
Edition 1st Edition
Classification part 709.03
Call number suffix JAN
Holdings
Withdrawn status Lost status Source of classification or shelving scheme Damaged status Not for loan Collection code Home library Current library Shelving location Date acquired Total Checkouts Full call number Date last seen Copy number Price effective from Koha item type
    Dewey Decimal Classification     Technology (Applied Sciences) Chalimbana Main Library Chalimbana Main Library The Arts Fine & Decorative Arts 11/19/2020   709.03 JAN 11/19/2020 1 11/19/2020 Books

Powered by Koha